Towards Building an ASEAN Community /

Bibliographic Details
Other Authors: llango Karuppaniam, Rahmat Mohamad, Umminayah Salleh
Format: Book
Published: Shah Alam, Selangor: Centre for Asean Studies, UTM, 2004.
Subjects:
LEADER 00778cam a2200229 7i4500
001 0000013378
005 20151104090000.0
005 ##20151104114000.0
003 ##MY-KlINT
020 # # |a 9839414674  
039 # 9 |y 201511041140  |z VLOAD 
090 0 0 |a 327.10959   |b TOW 
245 0 0 |a Towards Building an ASEAN Community /   |c editors llango Karruppannan, Rahmat Mohammad, Umminajah Salleh. 
260 # # |a Shah Alam, Selangor:   |b Centre for Asean Studies, UTM,   |c 2004. 
300 # # |a xx, 263p:   |b ill;   |c 25cm. 
650 # 0 |a ASEAN  
650 # 0 |a Asia, Southeastern --   |x Social conditions  
650 # 0 |a Asian, Southeastern --   |x Politics and government  
700 0 # |a llango Karuppaniam  
700 0 # |a Rahmat Mohamad  
700 0 # |a Umminayah Salleh  
999 |a 0000066293  |b BOOK  |c Main Non-Fiction  |e INTAN BK